India in slow motion / (Record no. 157176)

MARC details
000 -LEADER
fixed length control field 00624nam a22002297a 4500
003 - CONTROL NUMBER IDENTIFIER
control field dpl
005 - DATE AND TIME OF LATEST TRANSACTION
control field 20180908110105.0
008 - FIXED-LENGTH DATA ELEMENTS--GENERAL INFORMATION
fixed length control field 180908b xxu||||| |||| 00| 0 eng d
010 ## - LIBRARY OF CONGRESS CONTROL NUMBER
LC control number B-132859
020 ## - INTERNATIONAL STANDARD BOOK NUMBER
International Standard Book Number 9780143030478
Terms of availability 325.00
035 ## - SYSTEM CONTROL NUMBER
System control number B-132859
040 ## - CATALOGING SOURCE
Original cataloging agency DPL
Language of cataloging EN
Transcribing agency 0
082 ## - DEWEY DECIMAL CLASSIFICATION NUMBER
Classification number S
Item number TUL
100 ## - MAIN ENTRY--PERSONAL NAME
Personal name Tully, Mark
245 ## - TITLE STATEMENT
Title India in slow motion /
Statement of responsibility, etc by Mark Tully and Gillain Wright
250 ## - EDITION STATEMENT
Edition statement 2002
260 ## - PUBLICATION, DISTRIBUTION, ETC. (IMPRINT)
Place of publication, distribution, etc New Delhi
Name of publisher, distributor, etc Penguin Books
270 ## - ADDRESS
Address 11 Community Center , Panchhsherl Park
City New Delhi
300 ## - PHYSICAL DESCRIPTION
Extent 302p.;
Dimensions 22cm
700 ## - ADDED ENTRY--PERSONAL NAME
Personal name Wright, Gilian
942 ## - ADDED ENTRY ELEMENTS (KOHA)
Source of classification or shelving scheme Dewey Decimal Classification
Koha item type English Books
Classification part s
Call number suffix TUL
Holdings
Withdrawn status Lost status Source of classification or shelving scheme Damaged status Not for loan Collection code Home library Current library Date acquired Source of acquisition Cost, normal purchase price Total Checkouts Full call number Barcode Date last seen Copy number Cost, replacement price Price effective from Koha item type
    Dewey Decimal Classification     Fiction Patel Nagar Patel Nagar 08/09/2018 BPPD/PUB 325.00   S TUL B-132859 08/09/2018 1 325.00 08/09/2018 English Books

© Delhi Public Library
Hit Counter
free hit counter